00931nam a2200313Ia 4500001000700000003000500007008004100012010001100053040000900064082001500073100003200088245008900120260004100209300004200250440000500292500000500297503000500302650003800307650003700345650002600382650004900408901001500457902000600472910000900478942000600487942000700493999001900500952009800519Z_3035CHAP220113s1992 xx 000 0 und d a166120 cCHAP a631.521 F4 aFenner, Michael ed.9140190 aSeeds : the ecology of regeneration in plant communities /ced. by Michael Fenner aOxon :bC.A.B. International,c1992 a373 p. : bilus. ; cuadros ; gráfs. a a a aDiseminación de plantas 932724 aEcología vegetal I. t.9138513 aGerminación 947755 aSemillasxEfecto del medio ambiente 9103897 a631.521 F4 aA a1992 c1 cc1 c166120d166120 00102ddc40708GRALaZbZc3d2005-11-09pz_3114r2022-01-18 00:00:00t1w2022-01-18yLIBRO